000 00441nam a2200145 4500
999 _c15853
_d15853
008 201217b ||||| |||| 00| 0 eng d
022 _a0732-8435
082 _aDPer 657.05 C33 Sept - Mar 2015, v. 85 - 86
100 _a
_942692
245 _aTax and accounting update.
_c
260 _aNew York:
_bThe New York State Society of CPA,
_c©2015.
300 _av85 n9, page 14;
_c28 cm.
650 _aAccounting.
_x
_942693
942 _2ddc
_cPER